000 00737nam a2200265 i 4500
001 C2-0125296
003 PPAK
005 20180727115051.0
008 970909s1995 enka|||| ||||| | eng d
020 _a1856974103
040 _aPPAK
_beng
_cPPAK
_erda
082 0 4 _a032.02
_223
090 0 0 _a032.02
_bSTE
_dRK
100 1 _aSteele, Philip,
_eauthor
245 1 0 _aVampire bats and other creatures of the night
264 1 _aLondon :
_bKingfisher ,
_c1995
300 _a40 pages :
_bcolour illustrations ;
_c29 cm
336 _2rdacontent
_atext
337 _2rdamedia
_aunmediated
338 _2rdacarrier
_avolume
490 1 _aFacts fantastic
650 1 0 _aQuestion and answer
830 0 _aFacts fantastic
942 _ddc
_cB
999 _c36813
_d36813